Statistics for Trivia Question #5

Click here to take the quiz!

General Stats

  • This quiz has been taken 41 times
    (16 since last reset)
  • The average score is 9 of 10

Answer Stats

Trivia QuestionAnswer% Correct
What color are Smurfs?Blue
100%
How many sides does a triangle have?Three
100%
Why do things fall when you drop them?Gravity
93%
Which planet in our Solar System is known for having a ring?Saturn
93%
Which superhero can climb up walls and buildings?Spiderman
93%
“Stars and Stripes” is the nickname of the flag of which country?(Full name)United States Of America
93%
What is the largest mammal in the world?Blue Whale
86%
Name Batman’s crime-fighting partner?Robin
86%
On the farm, what is a kid?A Baby Goat
71%
What is the name of Harry Potter‘s pet owl?Hedwig
71%

Score Distribution

Percentile by Number Answered

Percent of People with Each Score

Your Score History

You have not taken this quiz since the last reset